000 00571nam a2200181Ia 4500
008 090123s9999 xx 000 0 und d
082 _b27627
_a891.463/धारप
100 _aधारप नारायण
245 _aउभे आडवे धागे
250 _a1
260 _bनिशीराज प्रकाशन
300 _a111
600 _aधारप नारायण
630 _aउभे आडवे धागे
700 _aधारप नारायण
730 _aउभे आडवे धागे
942 _cBOOK
999 _c65980
_d65980